000 00498nam a2200181Ia 4500
003 GCL
008 140319s9999 xx 000 0 ara d
020 _a9771963112
040 _aGCL /
_cGCL
082 0 4 _a425
_bH S
100 1 _aHILMI. MOH'D. NASHAAT
245 1 0 _aSCOPE IN ENGLISH GRAMMAR /
_cHILMI. MOH'D. NASHAAT
260 _aالقاهرة :
_bH.M. NASHAAT ،
_c1998
300 _a23 CM ؛
_c166 P
650 0 4 _aENGLISH LANGUAGE - GRAMMAR
650 0 4 _aENGLISH LANGUAGE
942 _2ddc
_cBK
999 _c6666
_d6666